000 00578 a2200157 4500
999 _c1370
_d1370
020 _a9780869228548
050 _aHC905.SHA 2012
100 _a Nyawo-Viriri-Shava, Vongai Zvidenga
245 _aMayibuye :
_bdilemmas of agrarian reform in independent Zimbabwe and South Africa /
_c Vongai Zvidenga Nyawo-Viriri-Shava.
264 _aGweru [Zimbabwe] :
_b Mambo Press,
_c 2012.
300 _axvi, 483 pages : illustrations ; 21 cm
500 _aIncludes index
650 _aLand reform -
_x- Zimbabwe.
650 _aLand reform -
_x- South Africa.
942 _2lcc
_cBK
_h905
_iSHA
_kHC